LDR 01414namaa2200361 i 4500 001 000000178706 003 CaOOAMICUS 005 20260515111245.0 007 tu 008 260515s2025 it 000 u ita r 020 $a979-12-5627-099-6* 040 $aPUL$bita$erda 082 0 $a211.8 100 1 $aPosi, Cosimo,$eautore.$0(OLS)http://pul/name/81149 245 10$aAteismo e dintorni :$bcredenti e non credenti a confronto /$cCosimo Posi. 264 4$c©2025.. 264 1$aVenezia :$bMarcianum Press,$c[2025] 300 $a198 pagine ;$c21 cm 336 $atesto$btxt$2rdacontent 337 $asenza mediazione$bn$2rdamedia 338 $avolume$bnc$2rdacarrier 490 1 $aIl calamo. Teologia ;$v53 504 $aInclude bibliografia pagine [191]-198 e indice. 650 4$aAteismo.$0(OLS)http://pul/subject/406 850 $aPUL 852 $aPUL$W1$xSL Religione 3$y85$m211. 8 POSCO 1$j202482$qDDC21$B207900$CPULBib$Z2$F207900 $H138611 $82 941 1 $a9 996 $6020$a979-12-5627-099-6*$9(OLS)http://pul/number/170958 996 $6082$a211.8$9(OLS)http://pul/classification/502 996 $6245$aAteismo e dintorni :$bcredenti e non credenti a confronto$9(OLS)http://pul/title/220283 996 $6264$aVenezia :$bMarcianum Press$9(OLS)http://pul/publisher/79046 996 $6264$a[S.l.] :$b[s.n.]$9(OLS)http://pul/publisher/0